000 00658nam a2200277Ia 4500
005 20260324113346.0
008 008 260324s9999 xx 000 0 eng d
020 _a9781003543824
037 _aEBOOK
040 _aCRL
040 _beng
040 _cCRL
041 _2eng
041 _aeng
084 _qCRL
100 _aBill Emmott
_91146453
245 0 _aDeterrence, Diplomacy and the Risk of Conflict Over Taiwan
260 _bTaylor and Francis
260 _c2024
365 _a
365 _b110
856 _uhttp://www.taylorfrancis.com/books/9781003543824
942 _cEBOOK
999 _c1736058
_d1736058